|
|
|
|
| LEADER |
01257nam a2200313 a 4500 |
| 001 |
41386 |
| 003 |
BD-DhAAL |
| 005 |
20230723164457.0 |
| 008 |
981102s1999 nyua bi 001 0 eng |
| 010 |
|
|
|a 98050671
|
| 020 |
|
|
|a 0393047814
|
| 035 |
|
|
|a (DLC) 98050671
|
| 040 |
|
|
|a DLC
|c DLC
|d DLC
|d BD-DhAAL
|
| 050 |
0 |
0 |
|a HG4521
|b .M284 1999
|
| 082 |
0 |
0 |
|a 332.6
|2 21
|
| 100 |
1 |
|
|a Malkiel, Burton Gordon.
|
| 245 |
1 |
2 |
|a A random walk down Wall Street :
|b including a life-cycle guide to personal investing /
|c Burton G. Malkiel.
|
| 260 |
|
|
|a New York :
|b Norton,
|c c1999.
|
| 300 |
|
|
|a 461 pages :
|b illustrations ;
|c 25 cm.
|
| 500 |
|
|
|a Rev. ed. of: A random walk down Wall Street, c1996.
|
| 504 |
|
|
|a Includes bibliographical references (p. [429]-443) and index.
|
| 541 |
|
|
|a Donated By Akbar Ali Khan
|e 41386
|
| 650 |
|
0 |
|a Investments.
|
| 650 |
|
0 |
|a Stocks.
|
| 650 |
|
0 |
|a Random walks (Mathematics)
|
| 852 |
|
|
|a Ayesha Abed Library
|c Akbar Ali Khan Collection
|
| 942 |
|
|
|2 ddc
|c BK
|
| 999 |
|
|
|c 46003
|d 46003
|
| 952 |
|
|
|0 0
|1 0
|2 ddc
|4 0
|6 332_600000000000000_MAL
|7 1
|9 74092
|a BRACUL
|b BRACUL
|c AAKC
|d 2023-07-18
|e Donated by Akbar Ali Khan
|g 2132.79
|l 0
|o 332.6 MAL
|p 3010041386
|r 2023-07-18
|t 1
|w 2023-07-18
|y BK
|x price are not available in book (collected from amazon.com )
|